Buddhists in new China / (Record no. 136932)

MARC details
000 -LEADER
fixed length control field 00646nam a2200205 4500
010 ## - LIBRARY OF CONGRESS CONTROL NUMBER
LC control number 095897
035 ## - SYSTEM CONTROL NUMBER
System control number 095897
037 ## - SOURCE OF ACQUISITION
Source of stock number/acquisition Cen Lib / Ret
040 ## - CATALOGING SOURCE
Original cataloging agency DPL
Language of cataloging EN
082 ## - DEWEY DECIMAL CLASSIFICATION NUMBER
Classification number 250
Item number CHI
110 ## - MAIN ENTRY--CORPORATE NAME
Subordinate unit Chinese Buddhist Association.
245 ## - TITLE STATEMENT
Title Buddhists in new China /
Statement of responsibility, etc by Chinese Buddhist Association.
260 ## - PUBLICATION, DISTRIBUTION, ETC. (IMPRINT)
Place of publication, distribution, etc Peking
Name of publisher, distributor, etc Nationalities Pub. House
Date of publication, distribution, etc 1956
270 ## - ADDRESS
Address Nationalities Pub. House
City Peking
300 ## - PHYSICAL DESCRIPTION
Extent 189p ;
Other physical details ill :
Dimensions 27cm(Hb)
650 ## - SUBJECT ADDED ENTRY--TOPICAL TERM
Topical term or geographic name as entry element Buddhism -- China.
650 ## - SUBJECT ADDED ENTRY--TOPICAL TERM
Topical term or geographic name as entry element Monasticism and religious orders -- China.
650 ## - SUBJECT ADDED ENTRY--TOPICAL TERM
Topical term or geographic name as entry element Monasteries -- China -- Views.
942 ## - ADDED ENTRY ELEMENTS (KOHA)
Source of classification or shelving scheme Dewey Decimal Classification
Koha item type English Books
Classification part 250
Call number suffix CHI
Holdings
Withdrawn status Lost status Source of classification or shelving scheme Damaged status Not for loan Home library Current library Date acquired Source of acquisition Total Checkouts Full call number Barcode Date last seen Copy number Price effective from Koha item type
    Dewey Decimal Classification     Central Library Central Library 12/03/2016 Cen Lib/Ret   250 CHI 095897 12/03/2016 1 12/03/2016 English Books

© Delhi Public Library
Hit Counter
free hit counter